Statistics for Most Populous Bordering U.S. State Pairs

Click here to take the quiz!

General Stats

  • This quiz has been taken 147 times
  • The average score is 39 of 40

Answer Stats

Combined PopulationU.S. State% Correct
43,729,960California
100%
46,790,940California
100%
42,592,379California
100%
31,092,710Texas
100%
33,644,675Texas
100%
32,013,706Texas
100%
32,912,852Texas
100%
46,790,940Arizona
99%
26,403,064New York
99%
20,077,550New York
99%
28,335,751New York
99%
23,018,848New York
99%
32,255,550New York
99%
21,684,179Pennsylvania
98%
32,255,550Pennsylvania
98%
24,491,089Pennsylvania
98%
32,095,160Florida
97%
26,380,922Florida
97%
32,095,160Georgia
97%
21,105,507Georgia
97%
19,404,040Illinois
97%
42,592,379Nevada
97%
31,092,710New Mexico
97%
24,491,089Ohio
97%
21,675,957Ohio
97%
43,729,960Oregon
97%
21,675,957Michigan
96%
33,644,675Louisiana
95%
32,912,852Oklahoma
94%
26,380,922Alabama
93%
21,684,179New Jersey
93%
28,335,751New Jersey
93%
19,023,603North Carolina
93%
21,105,507North Carolina
93%
26,403,064Massachusetts
92%
32,013,706Arkansas
91%
19,404,040Indiana
91%
19,023,603Virginia
91%
23,018,848Connecticut
90%
20,077,550Vermont
89%

Score Distribution

Percentile by Number Answered

Percent of People with Each Score

Your Score History

You have not taken this quiz